Statistics for Austria vs belarus

Click here to take the quiz!

General Stats

  • This quiz has been taken 46 times
  • The average score is 5 of 9

Answer Stats

QuestionAnswer% Correct
Austria CapitalVienna
98%
Belarus currencyRuble
86%
Austria time zoneUtc+1
68%
Austria poverty4.5%
52%
Austria unemployment5%
43%
Belarus area207595 sq.km
39%
Belarus literacy99.8%
39%
Belarus gdp per capita5730 usd
25%
Austria population90 lakh
16%

Score Distribution

Percentile by Number Answered

Percent of People with Each Score

Your Score History

You have not taken this quiz